|
|
|
|
| LEADER |
01126cam a2200277 7i4500 |
| 001 |
0000057267 |
| 005 |
20210126090000.0 |
| 020 |
|
|
|a 9788184487701 (electronic book)
|
| 090 |
0 |
0 |
|a RD546
|b .K35 2010
|
| 100 |
1 |
|
|a K., Dilip Chakravarty
|
| 245 |
1 |
0 |
|a Liver transplantation
|c author, Dilip Chakravarty K. ; co-authors, W.C. Lee [and three others] ; foreword, Sir Roy Calne.
|
| 260 |
|
|
|a New Delhi:
|b Jaypee Brothers Medical Publishers,
|c 2010.
|
| 300 |
|
|
|a 1 online resource (472 pages):
|b colour illustrations, text file, PDF.
|
| 336 |
|
|
|a text
|2 rdacontent
|
| 337 |
|
|
|a computer
|2 rdamedia
|
| 338 |
|
|
|a online resource
|2 rdacarrier
|
| 650 |
|
0 |
|a Liver diseases --
|x Surgery
|
| 650 |
|
0 |
|a Liver transplantation --
|x Methods
|
| 650 |
|
0 |
|a Surgical procedures, operative --
|x Methods
|
| 655 |
|
0 |
|a Electronic books
|
| 700 |
1 |
|
|a Lee, W. C
|
| 700 |
1 |
|
|a Calne, Roy
|
| 856 |
4 |
2 |
|u http://library.unisel.edu.my/equip-unisel/custom/ebook_catalog/ebook/LiverTransplantation.pdf
|
| 997 |
|
|
|a Health Sciences, Faculty
|
| 998 |
|
|
|a Medical Laboratory Technology, Diploma
|
| 999 |
|
|
|a EBO0003517
|b EBOOK
|c EBOOK
|e Electronic resources
|